01372cam a2200313 i 450000100090000000300090000900500170001800800410003502000390007604000430011504300120015808200200017010000430019024500580023326400570029130000430034833600260039133700280041733800270044550400520047250502020052465100500072665100440077665300340082065500170085494200120087199900170088395201580090017602089EG-ScBUE20240407094133.0130124s2013 nyua f b f001 0 eng d a9780801452093 (cloth : alk. paper) aNIC/DLCbengerdacNICdDLCdEG-ScBUE  aa-qa---04a953.63222bKAM1 aKamrava, Mehran,d1964-eauthor.9482610aQatar :bsmall state, big politics /cMehran Kamrava. 1aIthaca ;aLondon :bCornell University Press,c2013. ax, 222 pages :billustrations ;c24 cm 2rdacontentatextbtxt aunmediated2rdamediabn avolumebnc2rdacarrier aIncludes bibliographical references and index. 0 aSetting the stage -- The subtle powers of a small state -- Foreign policy and power projection -- The stability of royal autocracy -- State capacity and high modernism -- Qatar's moment in history. 7aQatarxPolitics and government.2BUEsh939007 7aQatarxForeign relations.2BUEsh939008 bBUSBOLcJuly2015cJanuary2016 vReading book 2ddccBB c20221d20193 00102ddc40708BaccahaMAINbMAINc2NDd2015-07-06ePurchaseg250.00h22696l3m100o953.63 KAMp000039349r2025-07-15 00:00:00s2018-05-21v313.00yBB